LEADER 01437nam a2200313 a 4500 001 000000122130 003 CaOOAMICUS 005 20100607145603.0 008 100607t2009 it u000 u ita u 020 $a978-88-6081-548-4 040 $aPUL$bita$dReb 082 04$a370 100 1 $aMuni, Andrea,$d1978-$0(OLS)http://pul/name/76574 245 10$aCose che gli insegnanti non dicono :$bcome i bambini imparano e si costruiscono la propria storia /$cAndrea Muni. 260 $aRoma :$bArmando Editore,$cİ2009. 300 $a160 p. ;$c22 cm 490 1 $aAggiornamenti didattica 504 $aBibliografia p. 147-[160]. 650 4$aDidattica.$0(OLS)http://pul/subject/14912 650 4$aPedagogia$xMetodi.$0(OLS)http://pul/subject/7047 650 4$aInsegnamento$xDialogo insegnanti-bambini.$0(OLS)http://pul/subject/36931 830 0$aAggiornamenti didattica.$0(OLS)http://pul/title/153678 850 $aPUL 852 $aPUL$W1$xSL Diritto e Scienze Sociali 3$y79$m370 MUNAN 1$j140163$qDDC 21$B139347$CPULBib$Z2$F139347 $H114012 $82 941 1 $a9 996 $6020$a978-88-6081-548-4$9(OLS)http://pul/number/144474 996 $6082$a370$9(OLS)http://pul/classification/497 996 $6245$aCose che gli insegnanti non dicono :$bcome i bambini imparano e si costruiscono la propria storia$9(OLS)http://pul/title/153677 996 $6260$aRoma :$bArmando Editore$9(OLS)http://pul/publisher/53653 LEADER 01256nam a2200313 a 4500 001 000000128374 003 CaOOAMICUS 005 20120417115533.0 008 120417s2012 it a 000 0 ita r 040 $aPUL$bita 082 04$a750 100 1 $aBattaglia, Roberta.$0(OLS)http://pul/name/62214 245 10$aLeonardo /$cRoberta Battaglia. 250 $aEd. speciale per il Sole 24 Ore. 260 $aMilano :$bIl Sole 24 ore,$c2012$aFirenze :$bE-ducation.it S.p.a.,$c2012. 300 $a158 p. :$bill. ;$c21 cm 490 1 $aI grandi maestri ;$v4 500 $aIn custodia. 504 $aInclude riferimenti bibliografici. 600 14$aLeonardo da Vinci,$d1452-1519.$0(OLS)http://pul/subject/2884 830 2$aI grandi maestri ;$v4.$0(OLS)http://pul/title/162243 850 $aPUL 852 $aPUL$W1$xDP2 Cons. Gen., Altre Classi 3$y97$m750 COLL 2.4$j148680$qDDC 21$B147202$CPULBib$Z2$F147202 $H119462 $82 941 1 $a9 996 $6082$a750$9(OLS)http://pul/classification/363 996 $6245$aLeonardo$9(OLS)http://pul/title/11501 996 $6260$aMilano :$bIl Sole 24 ore$9(OLS)http://pul/publisher/69212 996 $6260$aFirenze :$bE-ducation.it S.p.a.$9(OLS)http://pul/publisher/81559